[Event "7th OGD Prinsenstad 2014"]
[Site "Delft NED"]
[Date "2014.04.18"]
[Round "1.5"]
[White "Van Den Doel, Erik"]
[Black "Oudewaal, Vincent"]
[Result "1-0"]
[WhiteTitle "GM"]
[WhiteElo "2553"]
[BlackElo "2052"]
[WhiteFideId "1003720"]
[BlackFideId "1033301"]
[EventDate "2014.04.18"]

1. e4 e6 2. d4 d5 3. Nc3 Nf6 4. Bg5 Bb4 5. exd5 exd5 6. Qf3 Qe7+ 7. Ne2 Qe4 8.
Bxf6 Qxf3 9. gxf3 gxf6 10. a3 Bxc3+ 11. Nxc3 Be6 12. Rg1 Nc6 13. Bb5 Kd7 14. Kd2
Rhg8 15. Ne2 Rg5 16. h4 Rh5 17. Rh1 Kd6 18. Bxc6 Kxc6 19. Rag1 Re8 20. Rg7 Kd6
21. Ng3 Rh6 22. h5 Ke7 23. Ne2 Kf8 24. Rg3 f5 25. Nf4 f6 26. Re1 Bf7 27. Rxe8+
Kxe8 28. b3 Kf8 29. Kd3 b5 30. Rg1 Ke7 31. a4 a6 32. axb5 axb5 33. Kc3 Kd6 34.
Kb4 c6 35. Re1 Bg8 36. c3 Bf7 37. Rh1 Be8 38. Ka5 Bf7 39. Kb6 Be8 40. b4 Bf7 41.
Kb7 Kd7 42. Rg1 Be8 43. Rg3 Kd6 44. Kc8 Rxh5 45. Nxh5 Bxh5 46. Rh3 1-0

[Event "7th OGD Prinsenstad 2014"]
[Site "Delft NED"]
[Date "2014.04.19"]
[Round "4.7"]
[White "Warmerdam, Max"]
[Black "Schroer, Marcel"]
[Result "1-0"]
[WhiteElo "2181"]
[BlackElo "2157"]
[WhiteFideId "1048104"]
[BlackFideId "1012908"]
[EventDate "2014.04.18"]

1. e4 c5 2. Nf3 d6 3. d4 cxd4 4. Nxd4 Nf6 5. Nc3 a6 6. Be3 e5 7. Nb3 Be7 8. f3
O-O 9. Qd2 Be6 10. O-O-O a5 11. Bb5 Na6 12. g4 Nc7 13. Qe2 Nxb5 14. Qxb5 Qc8 15.
g5 Bc4 16. gxf6 Bxb5 17. fxe7 Re8 18. Nxb5 Rxe7 19. Nxd6 Qc6 20. Nf5 Rc7 21. Rd2
a4 22. Rhd1 h6 23. Nc5 a3 24. b3 b6 25. Rd6 Qb5 26. Nd3 Rb8 27. Rg1 g6 28. Nxh6+
Kf8 29. Ng4 Qa5 30. Bh6+ Ke7 31. Bd2 Qa7 32. Bb4 Rc5 33. Rd5 Rc8 34. Ngxe5 Ke8
35. Bxc5 bxc5 36. c4 Qe7 37. Rd7 Qh4 38. Rxf7 g5 39. Rf8+ 1-0

[Event "7th OGD Prinsenstad 2014"]
[Site "Delft NED"]
[Date "2014.04.20"]
[Round "6.7"]
[White "Haver, Daan"]
[Black "Vereggen, Lars"]
[Result "0-1"]
[WhiteElo "2053"]
[BlackElo "2179"]
[WhiteFideId "1035258"]
[BlackFideId "1029258"]
[EventDate "2014.04.18"]

1. e4 c5 2. Nf3 d6 3. Bb5+ Nd7 4. c4 a6 5. Ba4 Nf6 6. Nc3 g6 7. O-O Bg7 8. Qe2
O-O 9. Rd1 Nb6 10. Bb3 Bg4 11. h3 Bxf3 12. Qxf3 Nfd7 13. Qe2 Nc8 14. d3 Na7 15.
Be3 Nc6 16. f4 Nd4 17. Qf2 Nb8 18. Rd2 b5 19. cxb5 axb5 20. Bd5 Ra6 21. Ne2 e6
22. Bxd4 cxd4 23. Bb3 Nc6 24. Kh1 Na5 25. Bd1 e5 26. b3 f5 27. g3 fxe4 28. dxe4
exf4 29. gxf4 d3 30. Nd4 Qb6 31. Rxd3 Nc6 0-1